Ч. 3: Элементы гироскопических приборов; Гироскопические системы

التفاصيل البيبلوغرافية
Parent link:Гироскопические системы: Учебное пособие: В 3 частях/ Под ред. Д. С. Пельпора. Ч. 3: Элементы гироскопических приборов.— , 1971-
اللغة:الروسية
منشور في: 1972
الموضوعات:
التنسيق: كتاب
KOHA link:https://koha.lib.tpu.ru/cgi-bin/koha/opac-detail.pl?biblionumber=65505

MARC

LEADER 00000nam2a2200000 4500
001 65505
005 20231031070634.0
035 |a (RuTPU)RU\TPU\book\69532 
090 |a 65505 
100 |a 20040623d1972 m y0rusy50 ca 
101 0 |a rus 
102 |a RU 
105 |a a j 001zy 
200 0 |a Ч. 3: Элементы гироскопических приборов 
210 |d 1972 
215 |a 472 с.  |c ил. 
320 |a Библиогр.: с. 466-467 
461 1 |0 (RuTPU)RU\TPU\book\71121  |t Гироскопические системы  |o Учебное пособие: В 3 частях  |f Под ред. Д. С. Пельпора  |v Ч. 3: Элементы гироскопических приборов  |d 1971- 
610 1 |a гироскопические системы 
610 1 |a гироскопические приборы 
610 1 |a гиромоторы 
610 1 |a роторы 
610 1 |a конструкции 
610 1 |a расчеты 
610 1 |a стабильность 
610 1 |a кардановы подвесы 
610 1 |a датчики 
610 1 |a учебные пособия 
675 |a 531.383(075.8)  |v 3 
801 1 |a RU  |b 63413507  |c 20040623  |g PSBO 
801 2 |a RU  |b 63413507  |c 20150916  |g PSBO 
942 |c BK